Govt. of
Madhya Pradesh

मध्‍यप्रदेश लोक सेवा आयोग द्धारा आयोजित राज्‍य सेवा मुख्‍य परीक्षा सामान्‍य अध्‍ययन सॉल्‍वड पेपर्स 1998-2010 (Record no. 47379)

MARC details
000 -LEADER
fixed length control field 006700000a22001570004500
003 - CONTROL NUMBER IDENTIFIER
control field MACL
005 - DATE AND TIME OF LATEST TRANSACTION
control field 20160123120313.0
008 - FIXED-LENGTH DATA ELEMENTS--GENERAL INFORMATION
fixed length control field 160123b xxu||||| |||| 00| 0 eng d
040 ## - CATALOGING SOURCE
Original cataloging agency MACL
Transcribing agency MACL
041 ## - LANGUAGE CODE
Language code of text/sound track or separate title Hindi
082 ## - DEWEY DECIMAL CLASSIFICATION NUMBER
Classification number 001
245 ## - TITLE STATEMENT
Title मध्‍यप्रदेश लोक सेवा आयोग द्धारा आयोजित राज्‍य सेवा मुख्‍य परीक्षा सामान्‍य अध्‍ययन सॉल्‍वड पेपर्स 1998-2010
260 ## - PUBLICATION, DISTRIBUTION, ETC. (IMPRINT)
Place of publication, distribution, etc. इन्‍दौर
Name of publisher, distributor, etc. पुणेकर पब्लिकेशन्‍स
Date of publication, distribution, etc. 2013
350 ## - PRICE (NR) (BK AM CF MU VM SE) [OBSOLETE]
Price 250
942 ## - ADDED ENTRY ELEMENTS (KOHA)
Koha item type Hindi Books
Call number prefix 001
Source of classification or shelving scheme

No items available.